000
00263nam a2200097Ia 4500
001
1251892
005
20251031150924.0
008
251031s9999 xx 000 0 und d
245
0
_c
CİHANGİR DEFTERDAR
_a
N-4 GÖBEKLİTEPE MACERASI
260
_b
YEDİVEREN YAYINLARI
999
_c
1251892
_d
1251892